000 00547nam a2200193 i 4500
001 bg
100 1 _aDOHNALIK, Kazimierz
245 0 _aAutomalizacja w wodociągach i kanalizacji /
_cKazimierz Dohnalik.
260 _aKraków,
_c1975.
650 9 _aWodociągi
_xprojekty
_xautomatyzacja
650 9 _aKanalizacja
_xprojekty
_xautomatyzacja
650 9 _aŚcieki
_xtechnologia
655 _aPodręczniki akademickie
040 _cBPK
041 _apol
080 _a628.1/.3(075.8)
942 _cKS
008 s pl f |000 0 pol
999 _c16684
_d16684
856 _uhttp://koha.tu.koszalin.pl/cgi-bin/koha/opac-detail.pl?biblionumber=16684
_yKatalog online BPK